Stone cold [sound recording] / Robert B. Parker.
Record details
- ISBN: 1402561822
- Physical Description: 5 sound discs (5.75 hr.) : digital ; 4 3/4 in.
- Edition: Unabridged.
- Publisher: Prince Frederick, MD : Recorded Books, c2003.
Content descriptions
| Participant or Performer Note: | Read by Robert Forester. |
Search for related items by subject
| Subject: | Stone, Jesse (Fictitious character). Police > Massachusetts > Fiction. Police chiefs > Fiction. Massachusetts > Fiction. Audiobooks. |
| Genre: | Mystery fiction. |
| LDR | 01074cim a2200313 a 4500 | ||
|---|---|---|---|
| 001 | 127039 | ||
| 003 | CONS | ||
| 005 | 20140703073303.0 | ||
| 007 | sd fungnnumnnd | ||
| 008 | 030411s2003 mdunnn f n eng u | ||
| 020 | . | ‡a1402561822 | |
| 028 | 0 | 2. | ‡aC2331 ‡bRecorded Books |
| 035 | . | ‡a(CPomAG)LMN495013 | |
| 082 | 0 | 0. | ‡a813/.54 ‡221 |
| 100 | 1 | . | ‡aParker, Robert B., ‡d1932-2010. |
| 245 | 1 | 0. | ‡aStone cold ‡h[sound recording] / ‡cRobert B. Parker. |
| 250 | . | ‡aUnabridged. | |
| 260 | . | ‡aPrince Frederick, MD : ‡bRecorded Books, ‡cc2003. | |
| 300 | . | ‡a5 sound discs (5.75 hr.) : ‡bdigital ; ‡c4 3/4 in. | |
| 511 | 0 | . | ‡aRead by Robert Forester. |
| 650 | 0. | ‡aStone, Jesse (Fictitious character). | |
| 650 | 0. | ‡aPolice ‡zMassachusetts ‡vFiction. | |
| 650 | 0. | ‡aPolice chiefs ‡vFiction. | |
| 651 | 0. | ‡aMassachusetts ‡vFiction. | |
| 655 | 7. | ‡aMystery fiction. ‡2gsafd | |
| 650 | 0. | ‡aAudiobooks. | |
| 700 | 1 | . | ‡aForester, Robert. |
| 959 | . | ‡i32269000677180 ‡lBK/CD Par ‡aAdult - Audiobook ‡tAudiobook ‡g69.00 | |
| 852 | . | ‡p32269000677180 ‡jBK/CD Par ‡gAdult - Audiobook ‡cAudiobook ‡y69.00 ‡bSBPL | |
| 901 | . | ‡a127039 ‡bUnknown ‡c127039 ‡tbiblio | |